Szczegóły MARC21

Zryczałtowane formy opodatkowania 2000 /

005 -DATA I CZAS OSTATNIEJ MODYFIKACJI [,]
    • @
    • pole kontrolne
    • 20070315155141.9
020 -Międzynarod. znormalizowany nr książki - ISBN [ , ]
    • a
    • Numer ISBN
    • 391107450 Find
040 -Instytucja sporządzająca opis [ , ]
    • a
    • Instytucja, która sporządziła opis (NP)
    • SZCZ U
    • c
    • Instytucja, która sporządziła rekord (NP)
    • SZCZ U
041 -Język dokumentu [0, ]
    • a
    • Język tekstu (P)
    • polski
    • h
    • Język tekstu oryginalnego i/lub pośredniego (P)
    • polski
942 -Rodzaj dokumentu [ , ]
    • c
    • Rodzaj dokumentu
    • Książka
100 -Hasło główne - nazwa osobowa [ , ]
    • a
    • Nazwa osobowa (NP)
    • ŁĘDZEWICZ, DOROTA
245 -Strefa tytułu i oznaczenia odpowiedzialności [1, ]
    • a
    • Tytuł
    • Zryczałtowane formy opodatkowania 2000 / Find
    • c
    • Pozostałe elementy strefy tytułu i oznaczenia odpowiedzialności (NP)
    • Dorota Łędzewicz.
260 -Strefa adresu wydawniczego [ , ]
    • a
    • Miejsce wydania (P)
    • Wrocław :
    • b
    • Nazwa wydawcy (P)
    • "Unimex",
    • c
    • Data wydania (P)
    • 2000.
300 -Strefa opisu fizycznego [ , ]
    • a
    • Określenie formy książki i/lub objętość (NP)
    • 236 s. :
    • c
    • Format (NP)
    • 21 cm.
080 -Uniwersalna Klasyfikacja Dziesiętna [ , ]
    • a
    • Symbol klasyfikacji
    • 336.226(438)
980 -Symbol UKD [ , ]
    • a
    • UKD
    • 336.226(438)
920 -ISBN [ , ]
    • a
    • ISBN
    • 3-911074-5-0 Find
Lokalizacja Data inwentaryzacji Status udost. Numer inwentarzowy Sygnatura
BE2001-01-23-3S.87617 
BE2001-01-23-3S.87618 
BG2001-01-231Z.97196Z.97196
GW2015-09-08-2GW.998336
T2001-01-23-2T.3864T.3864
T2001-01-23-3T.3865